Bilecik Bilecik Bilecik Bilecik Bilecik

Roget's Thesaurus of the English language in dictionary form : (Record no. 30456)

MARC details
000 -BAŞLIK
Sabit Uzunluktaki Kontrol Alanı 01142nam a22002777a 4500
001 - KONTROL NUMARASI
Control Dosyası 0030536
003 - KONTROL NUMARASI KİMLİĞİ
Kontrol Alanı KOHA_MİRAKIL
005 - EN SON İŞLEM TARİHİ ve ZAMANI
Kontrol Alanı 20260207002732.0
007 - FİZİKSEL TANIM SABİT ALAN - GENEL BİLGİ
Sabit uzunluklu kontrol alanı ta
008 - SABİT UZUNLUKTAKİ VERİ ÖGELERİ - GENEL BİLGİ
Sabit Alan 110622b tu |||gr||||#0|||1|tur |
040 ## - KATALOGLAMA KAYNAĞI
Özgün Kataloglama Kurumu TR-BiSEU
Kataloglama Dili tur
Çeviri Kurumu TR-BiSEU
Açıklama Kuralları rda
041 0# - DİL KODU
Metin ya da ses kaydının dil kodu tur
044 ## - YAYINLAYAN/ÜRETEN KURULUŞUN ÜLKE KODU
ISO country code tu
050 ## - SINIFLAMA ve YER NUMARASI
Sınıflama Numarası PE1591
Yer Numarası .M39 1936
100 1# - KİŞİ ADI
Yazar Adı (Kişi adı) Mawson, C. O. Sylvester.
245 1# - ESER ADI BİLDİRİMİ
Başlık Roget's Thesaurus of the English language in dictionary form :
Alt Eseradı vb. being a presentation of Roget's Thesaurus of English words and phrases in a modernized, more complete and more convenient dictionary form, together with briefer synonymies for the busy writer, the whole comprised in one alphabetical arrangement/
Sorumluluk Bildirimi C. O. Sylvester Mawson ; C. O. Sylvester Mawson.
264 #1 - ÜRERİM, YAYIN, DAĞITIM ve TELİF BİLDİRİMİ
Yayın yeri Garden City, N.Y. :
Yayınlayan Garden City Publishing Company, inc.
300 ## - FİZİKSEL TANIMLAMA
Sayfa, Cilt vb. ix, 600 s. ;
Boyutları 25 cm.
336 ## - İÇERİK TÜRÜ
Content type term metin
Content type code txt
Source rdacontent
337 ## - MEDYA TÜRÜ
Media type term aracısız
Media type code n
Source rdamedia
338 ## - TAŞIYICI TÜRÜ
Carrier type term cilt
Carrier type code nc
Source rdacarrier
650 #0 - KONU BAŞLIĞI EK GİRİŞ - KONU TERİMİ
Konusal terim veya coğrafi ad İngilzce--eş ve zıt anlamlı kelimeler.
9 (RLIN) 60105
650 #0 - KONU BAŞLIĞI EK GİRİŞ - KONU TERİMİ
Konusal terim veya coğrafi ad English language--Synonyms and antonyms.
9 (RLIN) 37072
907 ## - LOCAL DATA ELEMENT G, LDG (RLIN)
a Dil
942 ## - EK GİRİŞ ÖGELERİ (KOHA)
Source of classification or shelving scheme Library of Congress Classification
Koha item type Book
Holdings
Materyal Türü Kalıcı Konum Mevcut Konum Raf Yeri Koleksiyon Kodu Sınıflandırma Kaynağı Edinim Bilgisi Ana Konular Alt Konular Yer Numarası Demirbaş Numarası Fatura Tarihi Maliyet, Alış Fiyatı Maliyet, Yenileme Fiyatı Geri Çekilme Durumu Kayıp Durumu Hasarlı Durumu Kredi için değil Kayıt Tarih Toplam Ödünçverme Son Görülme Tarihi Son Kontrol Tarihi Genel / Bağış Notu
Danışma Kaynakları Prof. Dr. Azmi Özcan Kütüphanesi Prof. Dr. Azmi Özcan Kütüphanesi Birûni Salonu Referans Library of Congress Classification Bağış DİL VE EDEBİYAT İngiliz Dili PE1591 .M39 1936 0030536 02/02/2026 2.00 2.00       Ödünç verilmez 22/06/2011   05/12/2024 05/12/2024 Genel Bağış